Matemáticas : (Registro nro. 15534)

Detalles MARC
000 -CABECERA
campo de control de longitud fija 01023nam a2200289 i 4500
001 - NÚMERO DE CONTROL
campo de control 000037769
003 - IDENTIFICADOR DEL NÚMERO DE CONTROL
campo de control DO-SdBPM
005 - FECHA Y HORA DE LA ÚLTIMA TRANSACCIÓN
campo de control 20251121102547.0
007 - CAMPO FIJO DE DESCRIPCIÓN FÍSICA--INFORMACIÓN GENERAL
campo de control de longitud fija ta
008 - DATOS DE LONGITUD FIJA--INFORMACIÓN GENERAL
campo de control de longitud fija 130305s2000 dr r 000 0 spa d
020 ## - NÚMERO INTERNACIONAL ESTÁNDAR DEL LIBRO
Número Internacional Estándar del Libro 9993401471
040 ## - FUENTE DE LA CATALOGACIÓN
Centro catalogador/agencia de origen DO-SdBPM
Lengua de catalogación spa
Centro/agencia transcriptor BPMSU
Normas de descripción rda
Centro/agencia modificador
082 #4 - NÚMERO DE LA CLASIFICACIÓN DECIMAL DEWEY
Número de clasificación 510
Número de documento/Ítem G934m 2000
Número de edición 22
100 1# - ENTRADA PRINCIPAL--NOMBRE DE PERSONA
Nombre de persona Guerrero Sánchez, Luis Manuel,
Fechas asociadas al nombre 1939-
Término indicativo de función/relación autor
245 10 - MENCIÓN DE TÍTULO
Título Matemáticas :
Resto del título sus fundamentos en secuencia óptima /
Mención de responsabilidad, etc. Luis M. Guerrero Sánchez.
264 #1 - PRODUCCIÓN, PUBLICACIÓN, DISTRIBUCIÓN, FABRICACIÓN Y COPYRIGHT
Producción, publicación, distribución, fabricación y copyright Santo Domingo :
Nombre del de productor, editor, distribuidor, fabricante Corripio,
Fecha de producción, publicación, distribución, fabricación o copyright 2000.
300 ## - DESCRIPCIÓN FÍSICA
Extensión volumen ;
Dimensiones 25 cm.
336 ## - TIPO DE CONTENIDO
Fuente rdacontent
Término de tipo de contenido texto
Código de tipo de contenido txt
337 ## - TIPO DE MEDIO
Fuente rdamedia
Nombre/término del tipo de medio sin mediación
Código del tipo de medio n
338 ## - TIPO DE SOPORTE
Fuente rdacarrier
Nombre/término del tipo de soporte volumen
Código del tipo de soporte nc
500 ## - NOTA GENERAL
Nota general
500 ## - NOTA GENERAL
Nota general En la portada: Nuevas ideas y conceptos para el aprendizaje más racional de las mátemáticas desde el principio y su comprensión para toda la vida.
590 ## - NOTA LOCAL (RLIN)
Nota local Inventariado, 2025/VM
650 #7 - PUNTO DE ACCESO ADICIONAL DE MATERIA--TÉRMINO DE MATERIA
Término de materia o nombre geográfico como elemento de entrada Matemática
Subdivisión general Estudio y enseñanza
910 ## - DATOS DE OPCIÓN DEL USUARIO (OCLC)
Datos de opción del usuario VMateo V. Control de la calidad. BPMSU
942 ## - ELEMENTOS DE PUNTO DE ACCESO ADICIONAL (KOHA)
Fuente del sistema de clasificación o colocación Dewey Decimal Classification
Tipo de ítem Koha Libros
Existencias
Estado de retiro Estado de pérdida Fuente del sistema de clasificación o colocación No para préstamo Código de colección Localización permanente Ubicación/localización actual Fecha de adquisición Total de préstamos Signatura topográfica completa Código de barras Fecha visto por última vez Número de copia Precio válido a partir de Tipo de ítem Koha
    Dewey Decimal Classification   Colección Dominicana Biblioteca Pública Metropolitana Salomé Ureña Biblioteca Pública Metropolitana Salomé Ureña 11/21/2025   BPMSU CD 510 G934m 2000 BPMSU25110072 11/21/2025 v.1 11/21/2025 Libros
    Dewey Decimal Classification   Colección Dominicana Biblioteca Pública Metropolitana Salomé Ureña Biblioteca Pública Metropolitana Salomé Ureña 11/21/2025   BPMSU CD 510 G934m 2000 BPMSU25110073 11/21/2025 v.1, e.2 11/21/2025 Libros
    Dewey Decimal Classification   Colección Dominicana Biblioteca Pública Metropolitana Salomé Ureña Biblioteca Pública Metropolitana Salomé Ureña 11/21/2025   BPMSU CD 510 G934m 2000 BPMSU25110074 11/21/2025 v.1, e.3 11/21/2025 Libros